| 000 | 00521nam a22001817a 4500 | ||
|---|---|---|---|
| 003 | CEME | ||
| 005 | 20210628201708.0 | ||
| 008 | 210204b xxu||||| |||| 00| 0 eng d | ||
| 020 | _a9971-51-366-8 | ||
| 040 | _c. | ||
| 082 | _a621.3845 LIN | ||
| 100 |
_aLin, Yi-Bing ,Chlamtac, Imrich _956384 |
||
| 245 | _aWireless and mobile network architectures | ||
| 260 |
_aNEW YORK _bJOHN WILEY & SONS _c2001 |
||
| 300 | _aXXIII,532P | ||
| 650 |
_aWIRELESS COMMUNICATION.MOBILE NETWORK ARCHITECTURES _956385 |
||
| 942 |
_cBK _2ddc |
||
| 999 |
_c566821 _d566821 |
||